| 000 | 01110nam a2200289 i 4500 | ||
|---|---|---|---|
| 001 | bg | ||
| 003 | BPK | ||
| 005 | 20200130132854.0 | ||
| 008 | 041108s2004 pl a f f |000 0 pol | ||
| 015 | _aPB 2004/23753 | ||
| 020 | _a8301142669 | ||
| 040 |
_aWA N _cBPK |
||
| 041 | 0 | _apol | |
| 080 | _a69.05 | ||
| 080 | _a(075.8) | ||
| 100 | 1 |
_aJaworski, Kazimierz Maksymilian _d(1943-2007) _eAutor |
|
| 245 | 1 | 0 |
_aPodstawy organizacji budowy / _cKazimierz M. Jaworski. |
| 260 |
_aWarszawa : _bWydaw. Naukowe PWN, _c2004. |
||
| 300 |
_a190, [2] s. : _brys., tab., wykr. ; _c24 cm. |
||
| 504 | _aBibliogr. s. 186-190. | ||
| 521 | 8 | _aDla studentów wydziałów budownictwa lądowego, wodnego i inżynierii sanitarnej a także architektury uczelni technicznych oraz inżynierów zajmujących się przedsięwzięciami budowlanymi. | |
| 650 | 4 |
_aBudownictwo _xorganizacja. |
|
| 655 | 4 | _aPodręczniki akademickie | |
| 710 | 2 |
_aWydawnictwo Naukowe PWN _4pbl. |
|
| 856 | 4 | 1 |
_uhttp://koha.tu.koszalin.pl/cgi-bin/koha/opac-detail.pl?biblionumber=44899 _yKatalog online BPK |
| 942 |
_2UKD _cKS |
||
| 999 |
_c44899 _d44899 |
||